000
00251nam a2200109Ia 4500
005
20251222155201.0
008
251222s9999||||xx |||||||||||||| ||spa||
082
_a
REL.194
100
_a
BENEDICTO XVI.
245
0
_a
Salvados en esperanza
942
_c
LIB
999
_c
39947
_d
39947